00345nam a2200145Ia 4500008004100000020001800041041000800059082001700067100001300084245002100097260002300118300000800141365001600149700003400165230718s9999 xx 000 0 und d a9789351362630 aeng a796.092bMIR aMirza S. aAce Against Odds c2016bHarper Sport a238 cRs.b499.00 aMirza S.; Mirza I. & Gupta S.